000 00413nam a2200181Ia 4500
005 20250603145411.0
008 250603s9999 xx 000 0 und d
020 _a9781774913123
050 _aTK 7871.6 .L8/
100 _aLu, Wen-Jun
245 0 _aMulti-Mode Resonant Antennas
260 _aBoca Raton
260 _bCRC Press
260 _c2023
300 _a204 p
650 _aBoca Raton
942 _cBK
999 _c41749
_d41749